Isidori Hispalensis Episcopi Etymologiarvm sive originvm libri XX /

Bibliographic Details
Main Author: Isidore, of Seville, Saint, -636
Other Authors: Lindsay, W. M. (Wallace Martin), 1858-1937
Format: Book
Language:Latin
Published: Oxonii : New York : E Typographeo Clarendoniano ; Oxford University Press, 1911
Edition:1st ed.
Series:Scriptorum classicorum bibliotheca Oxoniensis.
Subjects:

MARC

Tag First Indicator Second Indicator Subfields
LEADER 00000cam a2200000 a 4500
001 in00000011885
005 20151007051720.0
008 860403m19119999xx a de 00000 lat
010 |a  86140152  
020 |a 0198146191 (v. 1) 
035 |a (OCoLC)13903878 
035 |9 AAA4431AM 
040 |a DLC  |c DLC  |d m/c  |d TXA  |d UtOrBLW 
049 |a TXAM  |d [  |v = t]  |v 1 [A12568401] 
050 0 0 |a AE2  |b .I8313 1985 
100 0 |a Isidore,  |c of Seville, Saint,  |d -636. 
240 1 0 |a Etymologiae 
245 1 0 |a Isidori Hispalensis Episcopi Etymologiarvm sive originvm libri XX /  |c recognovit brevique adnotatione critica instrvxit W.M. Lindsay. 
250 |a 1st ed. 
264 1 |a Oxonii :  |b E Typographeo Clarendoniano ;  |a New York :  |b Oxford University Press,  |c 1911 
264 3 |c 1985 printing- 
300 |a volumes :  |b illustrations ;  |c 20 cm. 
336 |a text  |b txt  |2 rdacontent 
337 |a unmediated  |b n  |2 rdamedia 
338 |a volume  |b nc  |2 rdacarrier 
490 1 |a Scriptorum classicorum bibliotheca Oxoniensis 
505 1 |a t. 1. Libros I-X continens. 
650 0 |a Encyclopedias and dictionaries  |v Early works to 1600. 
650 0 |a Romance languages  |x Etymology. 
650 0 |a Latin language  |x Etymology. 
700 1 |a Lindsay, W. M.  |q (Wallace Martin),  |d 1858-1937. 
740 0 |a Etymologiarum sive originum libri XX. 
830 0 |a Scriptorum classicorum bibliotheca Oxoniensis. 
999 |a MARS 
999 f f |s 35e67e5b-e39c-3613-8ea4-6eaf063f7ec8  |i 44078bcd-1275-32d3-8e0b-54f7ada08828  |t 0 
952 f f |p normal  |a Texas A&M University  |b College Station  |c Sterling C. Evans Library  |d Evans: Library Stacks  |t 0  |e AE2 .I8313 1985  |h Library of Congress classification  |i unmediated -- volume  |k t.1  |m A14812568401 
998 f f |a AE2 .I8313 1985  |s t.1  |t 0  |l Evans: Library Stacks